| 000 | 01009nam a22003017a 4500 | ||
|---|---|---|---|
| 003 | CHAP | ||
| 005 | 20220617062538.0 | ||
| 008 | 971013s1987 r 00010 d | ||
| 010 | _a44012 | ||
| 011 | _a44984 | ||
| 035 | _a49123 | ||
| 040 | _cCHAP | ||
| 082 |
_a621.3745 _bU55 v.2 |
||
| 110 |
_aUniversidad Nacional Autónoma de México. Programa Universitario de Energía _9116560 |
||
| 245 |
_aUso eficiente y conservación de la energía, II _b: experiencias industriales |
||
| 260 |
_aMéxico, D.F. : _bLa Universidad, _c1987 |
||
| 300 |
_a157 p. _e+ anexo |
||
| 590 |
_aBATCH-UPD _b10 _c20130110 _lUCH01 _h1540 |
||
| 590 |
_aBATCH-UPD _b10 _c20130410 _lUCH01 _h0942 |
||
| 590 |
_aBATCH-UPD _b10 _c20130914 _lUCH01 _h1307 |
||
| 590 |
_aCONVERSION _b10 _c20130109 _lUCH01 _h1324 |
||
| 650 | 1 | 4 |
_aEnergía. _936881 |
| 650 | 1 | 3 |
_aIndustria azucarera _957780 |
| 650 | 1 | 4 |
_aIndustria. _957682 |
| 901 | _aBK | ||
| 942 | _cLIBRO | ||
| 949 |
_a621.3745 U55 v.2 _bBC _cLIBRO _d33724000007902 _eLIBRO _h89329 _i49123 _mD _si |
||
| 999 |
_c44012 _d44012 |
||